Pascua Lama: el clamor del pueblo grita !Queremos vida, queremos agua! /
Se realiza un repaso sobre el conflicto con la transnacional Barrick Gold y su proyecto aurífero Pascua Lama en el Valle del Huasco, en la Tercera Región de Atacama, en Chile donde están glaciares milenarios. Fundamentalmente es la lucha por la protección de los glaciares.
Gardado en:
| Autor Principal: | |
|---|---|
| Formato: | Texto |
| Materias: | |
| Etiquetas: |
Engadir etiqueta
Sen Etiquetas, Sexa o primeiro en etiquetar este rexistro!
|
MARC
| LEADER | 00000 a a2200000 04500 | ||
|---|---|---|---|
| 001 | 41699 | ||
| 003 | |||
| 040 | |||
| 100 | |a Karmy Bolton, Javier | ||
| 245 | |a Pascua Lama: |b el clamor del pueblo grita !Queremos vida, queremos agua! / |c Javier Karmy Bolton | ||
| 520 | |a Se realiza un repaso sobre el conflicto con la transnacional Barrick Gold y su proyecto aurífero Pascua Lama en el Valle del Huasco, en la Tercera Región de Atacama, en Chile donde están glaciares milenarios. Fundamentalmente es la lucha por la protección de los glaciares. | ||
| 590 | |a RRA/AGOSTO2011 | ||
| 650 | |a 1. MOVIMIENTOS SOCIALES | ||
| 650 | |a 2. PROTECCION AMBIENTAL | ||
| 650 | |a 3. AGUA | ||
| 650 | |a 4. CHILE | ||
| 650 | |a 5. ORO | ||
| 650 | |a 6. EMPRESAS TRANSNACIONALES | ||
| 773 | |g (2009), páginas 123-133 | ||
| 999 | |c 34358 |d 34358 | ||
